000 00778nab a2200241 u 4500
001 14072
003 HDC
007 cr bn ---aaaaa
008 210214c my dr|nes 0 |0may
040 _aHDC
245 0 _aMukhriz: Halal Sector Expected To See High Demand
260 _a[no place] :
_b[publisher not identified],
_c[no year]
336 _atext
_2rdacontent
337 _acomputer
_2rdamedia
338 _aonline resource
_2rdacarrier
650 _aHalal industry
_9144
650 _aHalal sector
_94858
710 _aBernama
856 _zRequest full-text at [email protected]
942 _2lcc
942 _cNEWS
942 _kNWSO 002990
999 _c11388
_d11388